Jejak-jejak Rimbawan : Pengalaman Pesara Jabatan Perhutanan Semenanjung Malaysia

Bibliographic Details
Corporate Author: Jabatan Perhutanan Semenanjung Malaysia
Format: Book
Published: Kuala Lumpur : Jabatan Perhutanan Semenanjung Malaysia , 2003
Subjects:

MARC

LEADER 00000cam a2200000 7i4500
001 0000003140
005 20050317.0
020 0 0 |a 9839269208 
090 0 0 |a 634.909225951   |b JEJ 
110 1 0 |a Jabatan Perhutanan Semenanjung Malaysia 
245 0 0 |a Jejak-jejak Rimbawan :   |b Pengalaman Pesara Jabatan Perhutanan Semenanjung Malaysia 
260 0 0 |a Kuala Lumpur :   |b Jabatan Perhutanan Semenanjung Malaysia ,   |c 2003 
300 |a vii, 276 p. :   |b ill. Photo ;   |c 27 cm. 
650 0 0 |a Forests and forestry   |z Semenanjung Malaysia 
650 0 0 |a Jabatan Perhutanan Semenanjung Malaysia   |x Biography 
999 |a 0000006161   |b Monograph   |c Open Shelf   |e Default branch 
999 |a 0000006189   |b Monograph   |c Open Shelf   |e Default branch 
999 |a 0000006190   |b Monograph   |c Open Shelf   |e Default branch 
999 |a 0000006191   |b Monograph   |c Open Shelf   |e Default branch 
999 |a 0000006192   |b Monograph   |c Open Shelf   |e Default branch 
999 |a 0000006193   |b Monograph   |c Open Shelf   |e Default branch